000 00466nam a2200169 4500
001 119802
003 ES-MaACL
005 20230906191411.0
007 t|
008 070214s1957 sp r ||||1| spa d
100 1 _aPérez y Pérez, Rafael.
_991222
245 1 3 _aLa beata Zaragata
_b: novela /
_cRafael Pérez y Pérez.
250 _a1ª. ed.
260 _aBarcelona :
_bJuventud,
_c1957.
300 _a224 p. ;
_c18 cm.
852 _aES-MaACL
_jC-13461
_bR.40727
999 _c119802
_d119802